| 000 | 00000nam##2200000za#4500 |
| 001 | 9.571793 |
| 003 | CaOODSP |
| 005 | 20210624182912 |
| 007 | cr ||||||||||| |
| 008 | 150406|1999||||xxc|||||o f|0| 0 eng|d |
| 040 | |aCaOODSP|beng |
| 043 | |an-cn--- |
| 086 | 1 |aNH18-24/1E-PDF |
| 110 | 2 |aCanada Mortgage and Housing Corporation. |
| 245 | 10|aMeasuring humidity in your home : |h[electronic resource]|bdo you have a humidity problem? |
| 260 | |aOttawa - Ontario : |bCanada Mortgage and Housing Corporation |cc1999. |
| 300 | |a6p.|billus., tables |
| 490 | 1 |aAbout your house|vCE1 |
| 590 | |a11-23-Supp|b2011-10-17 |
| 690 | 07|aAir quality|2gcpds |
| 690 | 07|aHousing|2gcpds |
| 775 | 08|tMesurer l'humidité dans votre maison : |w(CaOODSP)9.602217 |
| 776 | 0#|tMeasuring humidity in your home : |w(CaOODSP)9.615632 |
| 830 | #0|aAbout your house ;|vCE1|w(CaOODSP)9.505388 |
| 856 | 40|ahttp://publications.gc.ca|qPDF|s3.12 MB|uhttps://publications.gc.ca/collections/Collection/NH18-24-1E.pdf|yCE1 |